000 00988cad a2200241 4500
008 100811s1994 xxk l f
020 _a011045586X
035 _a(Sirsi) u60200
041 _aeng
110 2 _aUnited Kingdom
_kLaws, etc.
_95044
245 0 4 _aThe Town and Country Planning (General Permitted Development) (Scotland) Amendment (No. 2) Order 1994
_h[electronic resource]
260 _aLondon
_bHMSO
_c1994
350 _a1.55
490 _aSI
_v1994:2586
520 _aMade 5 October 1994. Coming into force 31 October 1994. Amends SI 1992:223.
650 _aTOWN AND COUNTRY PLANNING (SCOTLAND) ACT 1972
650 2 4 _aTOWN AND COUNTRY PLANNING (GENERAL PERMITTED DEVELOPMENT) (SCOTLAND) AMENDMENT (NO. 2) ORDER 1994
651 4 _aScotland
_y1707-1998
690 _aPlanning and development
_96259
856 4 0 _uhttps://www.legislation.gov.uk/uksi/1994/2586/contents/made
_zView the SI free of charge at www.legislation.gov.uk
942 _n0
948 _c04/03/1997
999 _c94206
_d94206